000 00495nam a2200145Ia 4500
008 220216s9999 xx 000 0 und d
100 _aAsokan M.P.
245 0 _aPlant regeneration by somatic embryogenesis of rubber tree (Hevea brasiliensis)
260 _bInternational Natural Rubber Conference, 5-8 February 1992, Bangalore, India, pp. 49.
_c1992
650 _aPlant regeneration
650 _aSomatic embryogenesis
700 _aJayasree P.K.
700 _aSushamakumari S.
942 _cBS
999 _c48885
_d48885